<?xml version="1.0" encoding="UTF-8"?>
<record
    xmlns:xsi="http://www.w3.org/2001/XMLSchema-instance"
    xsi:schemaLocation="http://www.loc.gov/MARC21/slim http://www.loc.gov/standards/marcxml/schema/MARC21slim.xsd"
    xmlns="http://www.loc.gov/MARC21/slim">

  <leader>02223nam a2200361 a 4500</leader>
  <controlfield tag="001">000007387</controlfield>
  <controlfield tag="003">DO-SdBNP</controlfield>
  <controlfield tag="005">20221202123557.0</controlfield>
  <controlfield tag="008">090908s1991  dr 000 e spa d</controlfield>
  <datafield tag="040" ind1=" " ind2=" ">
    <subfield code="a">DO-SdBNP</subfield>
    <subfield code="b">spa</subfield>
    <subfield code="c">BPMSU </subfield>
  </datafield>
  <datafield tag="082" ind1=" " ind2=" ">
    <subfield code="a">305.552</subfield>
    <subfield code="b">D286s 1991</subfield>
    <subfield code="2">22</subfield>
  </datafield>
  <datafield tag="245" ind1="0" ind2="3">
    <subfield code="a">El debate sobre las generaciones /</subfield>
    <subfield code="c">Soledad &#xC1;lvarez &#x2026; [et al.].</subfield>
  </datafield>
  <datafield tag="260" ind1=" " ind2=" ">
    <subfield code="a">Santo Domingo :</subfield>
    <subfield code="b">Fundaci&#xF3;n Cultural Dominicana,</subfield>
    <subfield code="c">1991.</subfield>
  </datafield>
  <datafield tag="300" ind1=" " ind2=" ">
    <subfield code="a">172 p. ;</subfield>
    <subfield code="c">20 cm.</subfield>
  </datafield>
  <datafield tag="500" ind1=" " ind2=" ">
    <subfield code="a">Incluye referencias bibliogr&#xE1;ficas y notas al pie de las p&#xE1;ginas.</subfield>
  </datafield>
  <datafield tag="505" ind1="0" ind2=" ">
    <subfield code="a">Cr&#xED;tica y reclamos de una generaci&#xF3;n 9 -- La decadencia de la dominicanidad hacia una filosof&#xED;a del dominicano/Manuel N&#xFA;&#xF1;ez 13 -- El Pe&#xF1;a Batlle sobre el cual no se escribe/Bernardo Vega 27 -- &#xBF;D&#xF3;nde est&#xE1; la crisis de la dominicanidad?/Raymundo Gonz&#xE1;lez 31 -- Sobre las generaciones perdidas/Jos&#xE9; Israel Cuello H 37 -- Hait&#xED; y los intelectuales dominicanos/Andr&#xE9;s L. Mateo 45 -- El Pe&#xF1;a Batlle sobre el cual no se escribe/Luis S. Peguero Moscoso 49 -- Bernardo que si; Jos&#xE9; que no/Consuelo Despradel 59 -- En busca de una generaci&#xF3;n/Faustino Collado 63 -- Pe&#xF1;a Batlle y su marco hist&#xF3;rico/Juan Daniel Balc&#xE1;cer 67 -- Comparando agendas generacionales/Bernardo Vega 81 -- Algo m&#xE1;s sobre las generaciones o la terquedad como memoria del fuego/Chiqui Vicioso 89 -- Sobre p&#xE9;rdida de generaciones/Jos&#xE9; Israel Cuello H. 93</subfield>
  </datafield>
  <datafield tag="518" ind1=" " ind2=" ">
    <subfield code="a">Debate: sobre el tema "Las generaciones" realizado en la Universidad Tecnol&#xF3;gica de Santo Domingo (INTEC),   entre diciembre de 1987 y febrero de 1988</subfield>
  </datafield>
  <datafield tag="590" ind1=" " ind2=" ">
    <subfield code="6">Inventariado, 2022/VM</subfield>
  </datafield>
  <datafield tag="650" ind1=" " ind2="4">
    <subfield code="a">Intelectuales</subfield>
    <subfield code="x">Aspectos sociales</subfield>
    <subfield code="v">Ensayos, conferencias, etc. </subfield>
  </datafield>
  <datafield tag="650" ind1=" " ind2="4">
    <subfield code="a">Conflicto entre generaciones.</subfield>
    <subfield code="x">Ensayos, conferencias, etc. </subfield>
  </datafield>
  <datafield tag="650" ind1=" " ind2="4">
    <subfield code="a">Cambios sociales </subfield>
  </datafield>
  <datafield tag="650" ind1=" " ind2="4">
    <subfield code="a">Relaciones intergeneracionales.</subfield>
  </datafield>
  <datafield tag="650" ind1=" " ind2="4">
    <subfield code="a">Vida intelectual</subfield>
    <subfield code="v">Ensayos, conferencias, etc. </subfield>
  </datafield>
  <datafield tag="700" ind1="1" ind2=" ">
    <subfield code="a">Balc&#xE1;cer, Juan Daniel</subfield>
  </datafield>
  <datafield tag="700" ind1="1" ind2=" ">
    <subfield code="a">Brea, Ramonina</subfield>
  </datafield>
  <datafield tag="700" ind1="1" ind2=" ">
    <subfield code="a">Collado, Faustino</subfield>
    <subfield code="d">1954-</subfield>
  </datafield>
  <datafield tag="700" ind1="1" ind2=" ">
    <subfield code="a">C&#xE9;spedes, Di&#xF3;genes,</subfield>
    <subfield code="d">1941-</subfield>
  </datafield>
  <datafield tag="700" ind1="1" ind2=" ">
    <subfield code="a">Collado Taveras, Faustino, </subfield>
    <subfield code="d">1954-</subfield>
  </datafield>
  <datafield tag="700" ind1="z" ind2=" ">
    <subfield code="a">Taveras, Faustino Collado,</subfield>
    <subfield code="d">1954-</subfield>
  </datafield>
  <datafield tag="700" ind1="z" ind2=" ">
    <subfield code="a">C&#xE9;spedes, D.</subfield>
  </datafield>
  <datafield tag="910" ind1=" " ind2=" ">
    <subfield code="a">VMateo V./Validado</subfield>
  </datafield>
  <datafield tag="942" ind1=" " ind2=" ">
    <subfield code="2">ddc</subfield>
    <subfield code="c">BK</subfield>
  </datafield>
  <datafield tag="952" ind1=" " ind2=" ">
    <subfield code="0">0</subfield>
    <subfield code="1">0</subfield>
    <subfield code="2">ddc</subfield>
    <subfield code="4">0</subfield>
    <subfield code="7">0</subfield>
    <subfield code="8">CD</subfield>
    <subfield code="a">BPMET</subfield>
    <subfield code="b">BPMET</subfield>
    <subfield code="d">2022-12-02</subfield>
    <subfield code="e">Familia Reyes Duluc</subfield>
    <subfield code="l">0</subfield>
    <subfield code="o">BPMSU CD 305.552 D286s 1991</subfield>
    <subfield code="p">BPMSU22120002</subfield>
    <subfield code="r">2022-12-02</subfield>
    <subfield code="w">2022-12-02</subfield>
    <subfield code="y">BK</subfield>
  </datafield>
  <datafield tag="999" ind1=" " ind2=" ">
    <subfield code="c">14355</subfield>
    <subfield code="d">14355</subfield>
  </datafield>
</record>
